Brother In the Land (Record no. 7022)

MARC details
000 -LEADER
fixed length control field 00370nam a2200157Ia 4500
008 - FIXED-LENGTH DATA ELEMENTS--GENERAL INFORMATION
fixed length control field 230312s9999||||xx |||||||||||||| ||und||
020 ## - INTERNATIONAL STANDARD BOOK NUMBER
International Standard Book Number 0-19-832084-5
082 ## - DEWEY DECIMAL CLASSIFICATION NUMBER
Classification number 823.914
Item number SWI-B
100 ## - MAIN ENTRY--PERSONAL NAME
Personal name Swindells;Robert
245 #0 - TITLE STATEMENT
Title Brother In the Land
260 ## - PUBLICATION, DISTRIBUTION, ETC.
Name of publisher, distributor, etc. Oxford
Place of publication, distribution, etc. USA
Date of publication, distribution, etc. 2004
300 ## - PHYSICAL DESCRIPTION
Extent 112
546 ## - LANGUAGE NOTE
Language note Eng.
650 ## - SUBJECT ADDED ENTRY--TOPICAL TERM
Topical term or geographic name entry element Literature
Form subdivision Playscripts
942 ## - ADDED ENTRY ELEMENTS (KOHA)
Koha item type BOOK
Holdings
Withdrawn status Lost status Source of classification or shelving scheme Damaged status Not for loan Home library Current library Date acquired Total Checkouts Full call number Barcode Date last seen Price effective from Koha item type
    Dewey Decimal Classification     Superior Information Resource Center (SIRC) Superior University- Central Library Superior Information Resource Center (SIRC) Superior University- Central Library 03/13/2023   823.914 SWI-B 7127 03/13/2023 03/13/2023 BOOK

Powered by Koha